Missing Word: D3 Quiz Stats

 Plays Quiz Updated Mar 25, 2014

Support Sporcle.
Go Orange.
Score 0/18 Timer 02:00
1 Play Today
Actor Answer % Correct
Kate HudsonDays
96.2%
Sarah Jessica ParkerDid
95%
Kurt RussellDon't
94.9%
Sarah Jessica ParkerDoes
92%
Adam SandlerDrunk
88.6%
Naomi WattsDrive
76.5%
Adam SandlerDaddy
73.9%
Kate HudsonDupree
69.3%
Kevin BaconDeath
69.1%
Actor Answer % Correct
Adam SandlerDeeds
68.5%
Kevin BaconDog
65.5%
Sarah Jessica ParkerDudley
63.3%
Kurt RussellDecision
51.3%
Kurt RussellDark
40.7%
Naomi WattsDream
10.9%
Kevin BaconDigging
9.7%
Naomi WattsDangerous
6.4%
Kate HudsonDesert
4.2%

Today's Daily Dose

Word Ladder
Emancipation Day

Quick Pick
SNL Quotes

Get the Picture
June Holidays

You're not logged in!

Compare scores with friends on all Sporcle quizzes.
OR
Log In

From the Vault

US States by Fourth Largest Cities

by El_Dandy

Because 1, 2, and 3 are just too easy.
Remove Ads.
Support Sporcle.
Get the best of Sporcle when you Go Orange. This ad-free experience offers more features, more stats, and more fun while also helping to support Sporcle. Thank you for becoming a member.

Show Comments

Extras

Top Quizzes Today


Score Distribution

Your Account Isn't Verified!

In order to create a playlist on Sporcle, you need to verify the email address you used during registration. Go to your Sporcle Settings to finish the process.

Report this User

Report this user for behavior that violates our Community Guidelines.

Details: